| 000 | 00000nam 2200000zi 4500 |
| 001 | 9.931047 |
| 003 | CaOODSP |
| 005 | 20250716100244 |
| 006 | m o d f |
| 007 | cr cn||||||||| |
| 008 | 231201e202312##oncdb obs f000 0 fre d |
| 020 | |a9780660691404 |
| 040 | |aCaOODSP|bfre|erda|cCaOODSP |
| 043 | |an-cn-yk |
| 086 | 1 |aCS11-633/2023-49F-PDF |
| 100 | 1 |aBemrose, Robby, |eauteur. |
| 245 | 10|aCartographie de l'activité de production au Yukon : |bestimations expérimentales du produit intérieur brut en fonction d'un carré de quadrillage / |cpar Robby Bemrose, W. Mark Brown et Ryan Macdonald. |
| 264 | 1|a[Ottawa] : |bStatistique Canada = Statistics Canada, |cdécembre 2023. |
| 264 | 4|c©2023 |
| 300 | |a1 ressource en ligne (30 pages) : |bcartes, graphiques. |
| 336 | |atexte|btxt|2rdacontent/fre |
| 337 | |ainformatique|bc|2rdamedia/fre |
| 338 | |aressource en ligne|bcr|2rdacarrier/fre |
| 490 | 1 |aÉtudes analytiques : méthodes et références, |x2371-3437 ; |vn° 049 |
| 500 | |a« Date de diffusion : le 15 décembre 2023. » |
| 500 | |aPublié aussi en anglais sous le titre : Mapping production activity in Yukon: experimental indexes of grid square-based gross domestic product. |
| 504 | |aComprend des références bibliographiques. |
| 650 | 6|aProduit intérieur brut|zYukon|vStatistiques. |
| 650 | 6|aCartographie|zYukon. |
| 651 | 6|aYukon|zConditions économiques. |
| 655 | 7|aStatistiques|2rvmgf |
| 710 | 2 |aStatistique Canada, |eorganisme de publication. |
| 775 | 08|tMapping production activity in Yukon : |w(CaOODSP)9.931046 |
| 830 | #0|aÉtudes analytiques : méthodes et références (Statistique Canada)|x2371-3437 ; |vn° 049.|w(CaOODSP)9.821680 |
| 856 | 40|qPDF|s1.05 Mo|uhttps://publications.gc.ca/collections/collection_2023/statcan/11-633-x/11-633-x2023003-fra.pdf |
| 856 | 4 |qHTML|sS.O.|uhttps://www150.statcan.gc.ca/n1/pub/11-633-x/11-633-x2023003-fra.htm |
| 986 | |a11-633-X, n° 049 |